000 00615nam a22002297a 4500
999 _c5671
_d5671
001 BT-PhCST
003 OSt
005 20190710143636.0
008 150608b xxu||||| |||| 00| 0 eng d
020 _a0412582902
040 _aBT-PhCST
_cBT-PhCST
_dBT-PhCST
050 _a3354
082 _222
_a670.427
_bBRA
100 _aBradley, D. A.
245 _aMechatronics :
_belectronics in products and proceses /
260 _aLondon,
_bChapman and Hall,
_cc1991.
300 _axviii, 510p. ;
_bill. ;
_c22 cm.
700 _aDawson, D.
700 _aBurd, N. C.
700 _aLoader, A. J.
942 _2ddc
_cECE